LEADER 00890nam0-2200301---450- 001 990009937920403321 005 20150204090706.0 035 $a000993792 035 $aFED01000993792 035 $a(Aleph)000993792FED01 035 $a000993792 100 $a20150204d1909----km-y0itay50------ba 101 0 $afre 102 $aFR 105 $ay-------001yy 200 1 $a<> primauté de Pierre et la venue de Pierre à Rome$eétude critique$fpar Ch. Guignebert 210 $aParis$cÉ. Nourry$d1909 215 $aXIV, 391 p.$d23 cm 610 0 $aPietro Apostolo 676 $a225.92 700 1$aGuignebert,$bCharles$f<1867-1939>$0177991 801 0$aIT$bUNINA$gRICA$2UNIMARC 901 $aBK 912 $a990009937920403321 952 $a225.92 GUI 1$bBibl. 30635$fFLFBC 959 $aFLFBC 996 $aPrimauté de Pierre et la venue de Pierre à Rome$9822091 997 $aUNINA LEADER 00920nam0-2200313---450- 001 990008219240403321 005 20051107120918.0 010 $a0198269013 035 $a000821924 035 $aFED01000821924 035 $a(Aleph)000821924FED01 035 $a000821924 100 $a20051107d1986----km-y0itay50------ba 101 0 $aeng 102 $aGB 105 $ay---n----00yy 200 1 $a<>Orthodox church in the Byzantine empire$fJ. M. Hussey 210 $aOxford$cClarendon press$d1986 215 $aXX, 408 p.$d23 cm 225 1 $aOxford history of the Christian Church 676 $a281.90902$v19$zita 700 1$aHussey,$bJoan Mervyn$f<1907-2006>$0292981 801 0$aIT$bUNINA$gRICA$2UNIMARC 901 $aBK 912 $a990008219240403321 952 $aDDR-XXV Aa 201$b205/86 ddr$fDDR$m21-8921 959 $aDDR 996 $aOrthodox Church in the Byzantine Empire$9249482 997 $aUNINA